000 01155cam a2200361Mu 4500
001 75298
005 20230410103748.0
008 011002s2006 enk 000 0 eng d
010 _a 2008460119
035 _a(OCoLC)ocm70672729
040 _aUKM
_cUKM
_dDLC
_dBAKER
_dYDXCP
_dOUN
_dGZM
_dBTCTA
_dGEBAY
015 _aGBA663310
_2bnb
020 _a9781904950608 (pbk.)
020 _a1904950604 (pbk.)
035 _a(OCoLC)70672729
042 _aukblcatcopy
_alccopycat
043 _ae-uk---
050 1 4 _a322 DA 566.9
_bB181P 2006
082 0 0 _a941.083092
049 _aGRAL
100 1 _aPerkins, Anne.
245 1 0 _aBaldwin /
_cAnne Perkins.
260 _aLondon :
_bHaus,
_c2006.
300 _a170 p. :
_bill. ;
_c20 cm.
440 0 _a20 British prime ministers of the 20th century
504 _aIncludes bibliographical references and index.
600 1 0 _aBaldwin, Stanley Baldwin,
_cEarl,
_d1867-1947.
650 0 _aPrime ministers
_zGreat Britain
_vBiography.
651 0 _aGreat Britain
_xPolitics and government
_y1910-1936.
651 0 _aGreat Britain
_xPolitics and government
_y1936-1945.
942 _2lcc
_cbk
994 _aC0
_bDRFGD
999 _c25325
_d25325